Movie Time II Quiz Stats

Quiz Updated Apr 3, 2018

Also try: Song Time
Challenge
Share
Tweet
Embed
Score 0/17 Timer 03:00
0 Plays Today
% Correct
???
99.8%
???
96.6%
???
86.1%
???
75.5%
???
62.4%
???
58%
???
55.6%
???
47.1%
???
45%
% Correct
???
43%
???
37.6%
???
35.1%
???
31.5%
???
31.1%
???
30.8%
???
30.8%
???
30.7%

You're not logged in!

Compare scores with friends on all Sporcle quizzes.
Join for Free
OR
Log In

You Might Also Like...

Show Comments

Extras

Top Quizzes Today


Score Distribution

Your Account Isn't Verified!

In order to create a playlist on Sporcle, you need to verify the email address you used during registration. Go to your Sporcle Settings to finish the process.

Report this User

Report this user for behavior that violates our Community Guidelines.

Details: